The Politics and poetics of camp = La política y la poética de campo /
Guardat en:
| Autor principal: | |
|---|---|
| Format: | Desconegut |
| Idioma: | Spanish |
| Publicat: |
Londres ; New York :
Routledge,
1994.
|
| Matèries: | |
| Etiquetes: |
Afegir etiqueta
Sense etiquetes, Sigues el primer a etiquetar aquest registre!
|
MARC
| LEADER | 000000000a22000000004500 | ||
|---|---|---|---|
| 001 | 011899 | ||
| 020 | |a 041508248X | ||
| 041 | 0 | |a spa | |
| 082 | 0 | 4 | |a 305.9 |b M613p |
| 100 | 1 | |a Meyer, Moe | |
| 245 | 1 | 4 | |a The Politics and poetics of camp = |b La política y la poética de campo / |c Moe Meyer. |
| 246 | 3 | 1 | |a La política y la poética de campo |
| 260 | 1 | |a Londres ; New York : |b Routledge, |c 1994. | |
| 300 | |a xiii, 203 páginas : |b ilustraciones ; |c 23 cm. | ||
| 650 | 4 | |a ESTADOS UNIDOS | |
| 650 | 4 | |a HOMOSEXUALIDAD | |
| 500 | |a Colección George Yúdice | ||
| 999 | |c 17923 |d 17923 | ||
| 942 | |c BK |h 305.9 M613p |2 z | ||



